Issues of long-term cryogenic propellant storage in microgravity /

Bibliographic Details
Main Author: Muratov, C. B.
Corporate Author: Ames Research Center
Other Authors: Osipov, V. V., Smelyanskiy, V. N.
Format: Government Document eBook
Language:English
Published: Moffett Field, CA : National Aeronautics and Space Administration, NASA Ames Research Center, [2011]
Series:NASA technical memorandum ; 2012-215988.
Subjects:
Online Access:https://purl.fdlp.gov/GPO/gpo30651

MARC

Tag First Indicator Second Indicator Subfields
LEADER 00000cam a2200000Ia 4500
001 in00002782686
005 20211120170435.0
006 m d f
007 cr cn|||||||||
008 121031s2011 caua obt f000 0 eng d
035 |a (OCoLC)ocn815520587 
040 |a GPO  |c GPO  |d MvI  |d UtOrBLW 
049 |a WWW 
074 |a 0830-D (online) 
086 0 |a NAS 1.15:2011-215988 
100 1 |a Muratov, C. B. 
245 1 0 |a Issues of long-term cryogenic propellant storage in microgravity /  |c C.B. Muratov, V.V. Osipov, V.N. Smelyanskiy. 
264 1 |a Moffett Field, CA :  |b National Aeronautics and Space Administration, NASA Ames Research Center,  |c [2011] 
300 |a 1 online resource (46 pages) :  |b color illustrations 
336 |a text  |b txt  |2 rdacontent 
337 |a computer  |b c  |2 rdamedia 
338 |a online resource  |b cr  |2 rdacarrier 
490 1 |a NASA/TM ;  |v 2011-215988 
500 |a Title from title screen (viewed on Oct. 31, 2012). 
500 |a "October 2011." 
504 |a Includes bibliographical references (pages 36-41). 
500 |a Electronic resource. 
650 7 |a Cryogenic cooling.  |2 nasat 
650 7 |a Cryogenic fluids.  |2 nasat 
650 7 |a Microgravity.  |2 nasat 
650 7 |a Multilayer insulation.  |2 nasat 
650 7 |a Propellant storage.  |2 nasat 
650 7 |a Mathematical models.  |2 nasat 
650 7 |a Liquid hydrogen.  |2 nasat 
650 7 |a Propellant tanks.  |2 nasat 
700 1 |a Osipov, V. V. 
700 1 |a Smelyanskiy, V. N. 
710 2 |a Ames Research Center. 
830 0 |a NASA technical memorandum ;  |v 2012-215988. 
856 4 0 |u https://purl.fdlp.gov/GPO/gpo30651  |t 0 
999 |a MARS 
999 f f |s e54f8f2f-9d12-3fdd-a4ab-44514eb2daff  |i dc5032a0-e39e-3856-8bc1-e06141ab653b  |t 0 
952 f f |a Texas A&M University  |b College Station  |c Electronic Resources  |d Available Online  |t 0  |e NAS 1.15:2011-215988  |h Superintendent of Documents classification 
998 f f |a NAS 1.15:2011-215988  |t 0  |l Available Online